Top 50 Most Powerful Countries In The World - Statistics

General Stats
  • This quiz has been taken 115 times
  • The average score is 42 of 50
Answer Stats
Country % Correct
France
99%
United Kingdom
99%
Italy
98%
United States
98%
Brazil
97%
China
95%
Russia
95%
Argentina
94%
Australia
94%
Germany
94%
India
94%
Japan
93%
Spain
93%
Egypt
92%
Canada
91%
Iran
91%
Pakistan
91%
South Africa
91%
Mexico
90%
South Korea
90%
Saudi Arabia
89%
Sweden
89%
Turkey
89%
Indonesia
87%
United Arab Emirates
87%
Poland
86%
Norway
85%
Colombia
84%
Israel
83%
Nigeria
83%
Ukraine
83%
Netherlands
82%
Chile
80%
Greece
80%
Iraq
80%
Finland
79%
Switzerland
79%
Vietnam
79%
Algeria
78%
Belgium
78%
Morocco
78%
Thailand
77%
North Korea
75%
Taiwan
70%
Malaysia
69%
Philippines
69%
Qatar
67%
Singapore
67%
Bangladesh
64%
Belarus
56%
No matching quizzes found
Score Distribution
Percent of People with Each Score
Percentile by Number Answered
Your Score History
You have not taken this quiz